01336cam a2200241 a 450000100100000000500170001000800410002704000300006808200200009810000510011824500470016926000650021630000210028149000490030250504310035165000360078265000370081883000560085591000330091104900090094495201240095399900170107700001984620200929170149.0850222s1930 pr b 000 0 spa d aDO-SdBNPbspacDLCdBNPHU aPR864.42bP371a1 aPedreira, Antonio Salvador,d1899-1939.91356910aAristas :bensayos /cAntonio S. Pedreira. aSan Juan, Puerto Rico :bLibreria y Editorial Campos,c1930. a272 p. ;c20 cm.0 aNovelistas, Poetas y Ensayistas de América0 aPórtico -- ¿La generación del 98? -- Ensayo cromático -- Los amores de don Quijote -- En torno a Henrik Ibsen. Ideas cardinales -- En su taller literario -- Unidad y geometrismo -- De los nombres de Puerto Rico -- ¿Portorriqueño o puertorriqueño? -- Lemas fugaces. Epigramas de Marcial -- Literatura diabólica -- Sansón Carrasco -- Donjuanerías. Dualismo y síntesis titular -- Espectacularismo zorrillesco. 4aEnsayos puertorriqueños98892 4aLiteratura puertorriqueña9250 0aNovelistas, Poetas y Ensayistas de América942356 aCatalogación derivada / LC aBNGR 001054708MOaGRbGRcCTd2010-07-07iLF1l0oPR864.42 P371ap19846-10r2020-06-25w2020-06-25y4ZPréstamo en sala c19359d19359